| 000 | 00833cam a2200217 4500 | ||
|---|---|---|---|
| 001 | ABS61199 | ||
| 008 | 000000n1999 000 0 eng u | ||
| 035 | _a(Sirsi) u101794 | ||
| 100 | _aBarnes, N. | ||
| 245 | _aPlenty of life left in office to residential market. | ||
| 260 | _c1999 | ||
| 490 |
_aProperty Forecast _v2(9) September 1999, 7-9(2) |
||
| 520 | _aReviews the market for the conversion of office space to high-quality residential accommodation, which has been a 90s phenomenon. Concludes that although the pace of conversion may slow down the market will continue. | ||
| 650 | _aCONVERSIONS | ||
| 650 | _aRESIDENTIAL CONVERSIONS | ||
| 650 | _aURBAN REGENERATION | ||
| 650 | _aOFFICES TO HOMES | ||
| 650 | _aOFFICE BUILDINGS | ||
| 690 | _aPROPERTY-COMMERCIAL PROPERTY-COMMERCIAL PROPERTY MARKET | ||
| 942 | _n0 | ||
| 999 |
_c60907 _d60907 |
||